Eksport zakończony — 

The challenge of world poverty : A world anti-poverty program in outline

Uloženo v:
Podrobná bibliografie
Hlavní autor: Myrdal, Gunnar
Médium: Kniha
Jazyk:Undetermined
Vydáno: New York Pantheon 1968
Témata:
Tagy: Přidat tag
Žádné tagy, Buďte první, kdo otaguje tento záznam!
Thư viện lưu trữ: Trung tâm Học liệu Trường Đại học Cần Thơ
LEADER 00536nam a2200193Ia 4500
001 CTU_155472
008 210402s9999 xx 000 0 und d
082 |a 330 
082 |b M998 
100 |a Myrdal, Gunnar 
245 4 |a The challenge of world poverty : 
245 2 |b A world anti-poverty program in outline 
245 0 |c Gunnar Myrdal 
260 |a New York 
260 |b Pantheon 
260 |c 1968 
650 |a Economic assistance 
650 |x Developing countries 
980 |a Trung tâm Học liệu Trường Đại học Cần Thơ